00533 2200181 4500001002100000005001500021008004100036020002200077035001900099041000700118082001000125090001600135100002000151245008400171260004500255300003600300650001500336INLIS00000000001040320241224114008241224||||||||| | ||| |||| || |  a978-979-27-4569-6 0010-1224010403 aid0 a005.3 a005.3 SIN b0 aSinggih Santoso00aBusiness Forecasting: Metode Peramalan Bisnis Masa Kini dengan Minitab dan SPSS aJakartabPT. Elex Media Komputindoc2009 a23x19 cm, xiv, 272 hlm.; ilus.: 0aKarya Umum